000
00233 a2200097 4500
001
60090
100
_a
245
_a
Jinnah India Partition Independence
260
_a
New Delhi
_b
Rekha Printers
_c
2009
090
_c
36867
_d
36867
942
_a
NUST-CAE
_c
MONOGRAPH
_c
29854
999
_c
295163
_d
295163